Fundamental Forces of Nature : The Story of Gauge Fields
Guardado en:
| Autor principal: | |
|---|---|
| Formato: | Libro |
| Lenguaje: | inglés |
| Publicado: |
New Jersey :
World Scientific,
2007
|
| Materias: | |
| Etiquetas: |
Sin Etiquetas, Sea el primero en etiquetar este registro!
|
MARC
| LEADER | 00000nam a22000003a 4500 | ||
|---|---|---|---|
| 001 | stu171454 | ||
| 005 | 20150617230017.1 | ||
| 008 | 081006s2007----xxu-----------------eng-d | ||
| 020 | |a 978-981-270-645-4 | ||
| 040 | |a STU |b slo | ||
| 041 | 0 | |a eng | |
| 044 | |a xxu | ||
| 080 | |a 539.1 | ||
| 100 | 1 | |a Huang, Kerson |4 aut | |
| 245 | 1 | |a Fundamental Forces of Nature : |b The Story of Gauge Fields | |
| 260 | |a New Jersey : |b World Scientific, |c 2007 | ||
| 300 | |a 270 s | ||
| 650 | 7 | |a jadrová fyzika |2 stusub | |
| 650 | 7 | |a atómová fyzika |2 stusub | |
| 650 | 7 | |a atómová energetika |2 stusub | |
| 650 | 7 | |a nukleárna fyzika |2 stusub | |
| 996 | |b 284EK87570 |c E*87570 |l EE10 |s P |a 0 |w stu171454_0001 | ||